Overcoming human poverty / (Record no. 14221)

000 -LEADER
fixed length control field 00487cam a22001814a 4500
020 ## - INTERNATIONAL STANDARD BOOK NUMBER
ISBN 9211261244
020 ## - INTERNATIONAL STANDARD BOOK NUMBER
ISBN 9789211261240
040 ## - CATALOGING SOURCE
Transcribing agency IUL
082 00 - DEWEY DECIMAL CLASSIFICATION NUMBER
Classification number 362 UND 2000 A066 Or.
245 00 - TITLE STATEMENT
Title Overcoming human poverty /
260 ## - PUBLICATION, DISTRIBUTION, ETC. (IMPRINT)
Place of publication New York, N.Y. :
Name of publisher UNDP,
Year of publication c2000.
300 ## - PHYSICAL DESCRIPTION
Number of Pages 139 p. :
Other physical details ill. ;
Dimensions 28 cm.
500 ## - GENERAL NOTE
General note "U.N. sales number E.00.III.B.2"--Verso of t.p.
650 #0 - SUBJECT ADDED ENTRY--TOPICAL TERM
Topical Term Poverty
650 #0 - SUBJECT ADDED ENTRY--TOPICAL TERM
Topical Term Poverty
710 2# - ADDED ENTRY--CORPORATE NAME
Corporate name or jurisdiction name as entry element United Nations Development Programme.
942 ## - ADDED ENTRY ELEMENTS (KOHA)
Koha item type សៀវភៅភាសាអង់គ្លេស
952 ## - LOCATION AND ITEM INFORMATION (KOHA)
Withdrawn status [LOCAL, KOHA] 0
Holdings
Permanent Location Date acquired Koha item type Lost status Shelving location Barcode Current Location Full call number
Library Block A2017-10-10សៀវភៅភាសាអង់គ្លេស A066A22566Library Block A362 UND 2000 A066 Or.
មជ្ឈមណ្ឌលឯការនៃសាកលវិទ្យាល័យភូមិន្ទកសិកម្មចំការដូង

Powered by Koha